000 01508nam a22003135i 4500
001 157748
003 ES-MaACL
005 20230906210833.0
008 970306s1888 fr |||| | spa d
080 _a929.52(85)
080 _a94(85)"1522/48"(093)
080 _a94(851.1 L.)"15"(093)
245 0 0 _aLibro primero de Cabildos de Lima /
_cdescifrado y anotado por Enrique Torres Saldamando ; con la colaboración de Pablo Patrón y Nicanor Boloña.
260 _aParis :
_b[s.n.],
_c1888 (
_fImp. Paul Dupont)
300 _a3 t. en 2 v. (XXI, [6], 445 p., [2] h. de lám.; [8], 426 p., [27] h. de lám.; VII, 222 p., [2] h. de lám.) ;
_c38 cm.
505 8 _aContiene: Pte. 1. Actas desde 1535 a 1539: anotaciones -- Pte. 2. Apéndices -- Pte. 3. Documentos
530 _aDisponible en formato digital.
596 _aFecha de cub.: 1900.
597 _aPort. en v 1 a varias tintas.
599 _aLám.: litografías col. y n.
651 4 _aLima-
_xHistoria.
_98920
651 4 _aPerú-
_xHistoria-
_yDescubrimiento y conquista, 1522-1548-
_vFuentes.
_99227
651 4 _aPerú-
_xGenealogía.
_9157808
700 1 _aTorres Saldamando, Enrique.
_9133330
700 1 _aPatron, Pablo.
_9130899
700 1 _aBoloña, Nicanor.
_9126049
852 4 _aES-MaACL
_jC-782-83
_z- Enc. pasta española conservando cub. originales
_z- Dedicatoria autógrafa de Luis Ulloa a la Biblioteca del Ateneo, 1901
856 4 _uhttp://bdh-rd.bne.es/viewer.vm?id=0000012763&page=1
_zBiblioteca Digital Hispánica
999 _c157748
_d157748